Libro de los exenplos por A.B.C. /
Guardado en:
| Autor Principal: | |
|---|---|
| Formato: | Libro |
| Publicado: |
Madrid :
Consejo Superior de Investigaciones Científicas,
1961.
|
| Series: | Clásicos Hispánicos ;
5 |
| Materias: | |
| Etiquetas: |
Agregar Etiqueta
Sin Etiquetas, Sea el primero en etiquetar este registro!
|
| LEADER | 00847nam a22002055a 4500 | ||
|---|---|---|---|
| 001 | EHU.bham052785 | ||
| 008 | 260223s1961##################000#0#####d | ||
| 005 | 20260223102711.0 | ||
| 245 | 1 | 0 | |a Libro de los exenplos por A.B.C. / |c ed. por John Esten Keller. |
| 260 | |a Madrid : |b Consejo Superior de Investigaciones Científicas, |c 1961. | ||
| 300 | |a 446 p. | ||
| 490 | 0 | |a Clásicos Hispánicos ; |v 5 | |
| 500 | |a Ejemplar original en consulta permanente para evitar deterioro. La Biblioteca brinda esta fotocopia para préstamo. | ||
| 500 | |a Contiene: Vocabulario etimológico por Louis Jennings Zahn, pp.347-443. | ||
| 530 | |a Material fotocopiado | ||
| 100 | 1 | |a Keller, John Esten, ed. | |
| 082 | 8 | 6 | |a 863.1 L616-1 |
| 653 | |a Novela española- -1369 | ||
| 653 | |a Literatura española | ||
| 859 | |a AR-BHAM |b BIB. HUMANIDADES - General |h 863.1 |i L616-1 |p 301.25 |t Ej.2 | ||
